000 00403nam a2200157Ia 4500
003 LK-CoDNM
008 010623t1974 xxu||||| |||| 00| 1 eng d
040 _aLK-CoDNM
_dLK-CoDNM
_eLK-CoDNM
041 _aeng
080 _a294.32 PIY
100 _aPiyadassi Thero
245 _aThe Buddha's Ancient Path
260 _bBuddhist Publication Society
_aKandy
_c1974
300 _b239p., 21 cm
942 _cBK
999 _c109336
_d109336